| 000 | 00799nam a22001937a 4500 | ||
|---|---|---|---|
| 005 | 20250909124402.0 | ||
| 008 | 250909b |||||||| |||| 00| 0 eng dhttp://opac.duls.du.ac.in:8080/cgi-bin/koha/cataloguing/addbiblio.pl?frameworkcode=BKS# | ||
| 037 | _cRef | ||
| 040 |
_aAL _cAL |
||
| 041 |
_2pun _apun |
||
| 084 | _qAL | ||
| 100 |
_aਜੋਸ਼ੀ ਸ ਸ _9820659 |
||
| 245 | _aਪੰਜਾਬੀ ਸ਼ਬਦ ਜੋੜ ਕੋਸ਼ | ||
| 260 |
_aਪਟਿਆਲਾ, ਭਾਰਤ: _bਪਬਲੀਕੇਸ਼ਨ ਬਿਉਰੋ, _c1998. |
||
| 300 | _a334ਪੰ | ||
| 650 | _2ਸਿੱਖ ਧਰਮ | ||
| 942 |
_2CC _cREF _hQ8441:21k 153N8 _n0 |
||
| 999 |
_c1435254 _d1435254 |
||